[Event "FICGS class C 000094 email"]
[Site "FICGS email"]
[Date "2008.09.28"]
[Round "1"]
[White "Ponting, Andrew"]
[Black "Boucher, Camille"]
[Result "1-0"]
[WhiteElo "1847"]
[BlackElo "1800"]
[PlyCount "55"]
[EventDate "2008.??.??"]
[EventType "tourn (corr)"]
[EventRounds "4"]
[SourceTitle "Corr 2022"]
[Source "ChessBase"]
[SourceDate "2021.10.24"]
[SourceVersion "1"]
[SourceVersionDate "2021.10.24"]
[SourceQuality "1"]

1. d4 Nf6 2. c4 c5 3. d5 b5 4. cxb5 a6 5. f3 d6 6. e4 Nbd7 7. Nc3 g6 8. Nh3 Bg7 9. bxa6 Bxa6 10. Bxa6 Rxa6 11. 0-0 0-0 12. Qe2 Qb6 13. Be3 Rb8 14. Nf2 Qxb2 15. Qxa6 Qxc3 16. Rfe1 Ne5 17. Qa7 Qb2 18. Qxe7 Nc4 19. Bg5 Nh5 20. Ng4 Qb7 21. Nh6+ Bxh6 22. Qxb7 Rxb7 23. Bxh6 Na3 24. Rac1 Nf6 25. Re3 Nb1 26. Rb3 Rxb3 27. axb3 Nd2 28. Bxd2 1-0